| 000 | 00723cam a2200205 4500 | ||
|---|---|---|---|
| 001 | BIIH003677 | ||
| 008 | 1987 a spa | ||
| 020 | _a968-859-024-X | ||
| 035 | _aBIIH003677 | ||
| 050 | 4 |
_aHD4875 _b.M6 N53 1987 |
|
| 100 | 1 | _aNickel, Herbert J. | |
| 245 | 0 |
_aRelaciones de trabajo en las haciendas de Puebla y Tlaxcala (1740-1914) : Cuatro análisis sobre reclutamiento , peonaje y remuneracion / _cHerbert J. Nickel. |
|
| 260 |
_aMéxico : _bUIA, Departamento de Historia, _c1987 |
||
| 300 |
_a207 p. ; _c21 cm. |
||
| 500 | _a1 ejemplar | ||
| 650 | 4 |
_aPeonaje _xPuebla _xHistoria |
|
| 650 | 4 |
_aPeonaje _xTlaxcala _xHistoria |
|
| 650 | 4 |
_aHaciendas _xTlaxcala, Puebla _xHistoria |
|
| 942 |
_2lcc _cLIB |
||
| 999 |
_c66336 _d66336 |
||